01790nam a2200289 a 450000100100000000500170001000800410002702000180006804000250008608200140011124501040012526000410022930000310027049000250030150002030032650000430052950503700057270000430094271000530098571000450103883000320108304900090111595201290112495201120125395201180136599900170148300002882020200930055146.0110412s2010 dr c 000 p spa d a9789945003260 aDO-SdBNPbspacBNPHU axxxxbQ3c00a¿Que no cesen rumores? :b[antología poética] /cedición, introducción y notas Rei Berroa. aSanto Domingo :bTeatro Luna,c2010. a246 p. :bretrs. ;c21 cm.1 aLibros de la lunav5 aIncluye poemas leídos en el XVIII Maratón de Poesía del Teatro de la Luna en la Biblioteca del Congreso de Washington, DC y en la Casa de la Luna de Washington, DC del 4 al 6 de junio de 2010. aIncluye notas al pie de las páginas.2 aReconocimiento -- Rei Berroa -- Armando Romero -- Fernando Cabrera (Santiago, República Dominicana, 1964) -- Raúl Castillo Soto (San Juan , Puerto Rico) -- Tina Escasa (Zamora, España, 1965) -- Leticia Herrera (Monterrey, Mexico, 1960) --Zulema Moret (Buenos Aires, argentina, 1950) -- Aida Toledo (Guatemala) -- Miriam Ventura (República Dominicana, 1957).12aBerroa, Rei,d1949-eed., introd.916022aBiblioteca del Congreso de Washington, DC95580022aCasa de la Luna de Washington, DC955801 0aLibros de la lunav5910156 aBNPD 00102ddc718DSaBNPHUbBNPHUcCTd2011-04-12iLF1l0oxxxx Q3cp28820-30r2020-06-25te. 3w2020-06-25yLFDSZNo se presta 0010718PDaPDbPDcCTd2011-04-12iLF1l0oxxxx Q3cp28820-10r2020-06-25w2020-06-25yLFPDZNo se presta 0010718PDaPDbPDcCTd2011-04-12iLF1l0oxxxx Q3cp28820-20r2020-06-25te. 2w2020-06-25yLFPDZNo se presta c28312d28312